Southville International School and Colleges
Your cart is empty.
  • Cart
  • Lists
    Public lists Eva Luna New books Lux_list list_1
    Your lists Log in to create your own lists
  • Log in to your account
  • Your cookies
  • Search history
Southville International School and Colleges
  • Advanced search
  • Recent comments
  • Most popular
  • Libraries

Log in to your account

Log in with GOOGLE


If you do not have an external account, but do have a local account, you can still log in:

  1. Home
  2. MARC view: Human motivation /
Normal view MARC view ISBD view

Human motivation / (Record no. 22615)

[ view plain ]
MARC details
000 -LEADER
fixed length control field 00608nam a2200205 a 4500
003 - CONTROL NUMBER IDENTIFIER
control field PILC
005 - DATE AND TIME OF LATEST TRANSACTION
control field 20160203150303.0
008 - FIXED-LENGTH DATA ELEMENTS--GENERAL INFORMATION
fixed length control field 070925s19uu xx 00 eng d
020 ## - INTERNATIONAL STANDARD BOOK NUMBER
International Standard Book Number 0495171719
050 ## - LIBRARY OF CONGRESS CALL NUMBER
Classification number BF 503
Item number .F852 2007
100 ## - MAIN ENTRY--PERSONAL NAME
Personal name Franken, Robert E.
245 ## - TITLE STATEMENT
Title Human motivation /
Statement of responsibility, etc Robert E. Franken.
250 ## - EDITION STATEMENT
Edition statement 6th edition.
260 ## - PUBLICATION, DISTRIBUTION, ETC. (IMPRINT)
Place of publication, distribution, etc U.S.A :
Name of publisher, distributor, etc Thomson Wadsworth,
Date of publication, distribution, etc 2007.
300 ## - PHYSICAL DESCRIPTION
Extent 464 pages :
Other physical details illustrations ;
Dimensions 26 cm.
500 ## - GENERAL NOTE
General note Includes bibliographical references and indexes.
650 ## - SUBJECT ADDED ENTRY--TOPICAL TERM
Topical term or geographic name as entry element Motivation (Psychology)
General subdivision Textbooks.
942 ## - ADDED ENTRY ELEMENTS (KOHA)
Koha item type Books
Source of classification or shelving scheme Library of Congress Classification
Call number prefix Foreign
Holdings
Withdrawn status Lost status Source of classification or shelving scheme Damaged status Home library Current library Shelving location Date acquired Source of acquisition Cost, normal purchase price Total Checkouts Full call number Barcode Date last seen Date checked out Copy number Price effective from Koha item type
    Library of Congress Classification   College Library College Library General Circulation Section 09/25/2007 Donation 2500.00 1 BF 503 .F852 2007 C8777 05/15/2018 03/08/2016 1 10/18/2013 Books

Human motivation /

APA

Franken R. E., . (2007). Human motivation. U.S.A: Thomson Wadsworth.

Chicago

Franken Robert E, . 2007. Human motivation. U.S.A: Thomson Wadsworth.

Harvard

Franken R. E., . (2007). Human motivation. U.S.A: Thomson Wadsworth.

MLA

Franken Robert E, . Human motivation. U.S.A: Thomson Wadsworth. 2007.

  • Place hold
  • Print
  • Cite
  • Add to your cart (remove)
  • Save record
    BIBTEX Dublin Core MARCXML MARC (non-Unicode/MARC-8) MARC (Unicode/UTF-8) MARC (Unicode/UTF-8, Standard) MODS (XML) RIS
  • More searches
    Search for this title in:
    Other Libraries (WorldCat) Other Databases (Google Scholar) Online Stores (Bookfinder.com) Open Library (openlibrary.org)

Exporting to Dublin Core...

SOUTHVILLE LIBRARY

Southville International School and Colleges Library

1281 Tropical Ave. Cor. Luxembourg St., BF Homes International, Las Pinas City

Tel. No. 8256374 / 252358 Loc. 117/146

Powered by Koha